Films avec Jean Dujardin - Mort subite - Statistiques

Statistiques générales
  • Ce quiz a été pris 654 fois
  • Le résultat moyen est 6 sur 16
Answers on the Grid
Answers color-coded by a green-red scale on the quiz's grid according to % correct below.
OSS 117 : Le Caire, nid d'espions
Les Petits Mouchoirs
Fumer fait tousser
OSS 117 : Paris, je t'aime
BAC Nord
Le Daim
Mon roi
The Artist
La French
Brice de Nice
Les Trois Mousquetaires : D'Artagnan
J'accuse
Novembre
Une année difficile
Médecin de nuit
Bernadette
Présidents
Les Aventures extraordinaires d'Adèle Blanc-Sec
Un homme à la hauteur
OSS 117 : Rio ne répond plus
Le Sens de la fête
Les Infidèles
Polisse
Le Loup de Wall-Street
Monuments Men
Pupille
Sur les chemins noirs
Les Rivières pourpres
Morbius
Möbius
Les Seigneurs
Astérix & Obélix Mission Cléopâtre
 
Statistiques - réponses
Réponse % Correct
OSS 117 : Le Caire, nid d'espions
95%
Les Petits Mouchoirs
52%
Brice de Nice
49%
The Artist
46%
OSS 117 : Rio ne répond plus
44%
La French
34%
Novembre
33%
Le Loup de Wall-Street
32%
Les Infidèles
32%
J'accuse
30%
Un homme à la hauteur
28%
Le Daim
25%
Présidents
19%
Monuments Men
17%
Sur les chemins noirs
16%
Möbius
14%
Aucun quiz correspondant
Distribution des résultats
% des personnes avec chaque résultat
Percentile par nombre de réponses
Votre historique - résultats
Vous n’avez pas pris ce quiz